Sonate, Op. 1, No. 3

Hlavní autor: Méhul, Etienne Nicolas, 1763-1817
Další autoři: Pauer, E. 1826-1905
Jazyk: Nelze použít, není lingvistický obsah
Vydáno: Leipzig : Breitkopf & Härtel, [1868?]
Edice: Alte Meister
Fyzický popis: 9 s.
Hudebniny Hudebniny
Uloženo v:
LEADER 00990ncm a22002772a 4500
001 001226358
003 CZ BrMZK
005 20150217092739.0
007 qu
008 120626s1868 gw |||||||||||||||||zxx d
040 |a BOA001  |b cze 
072 7 |a 786  |x Hudba pro klávesové nástroje  |2 Konspekt  |9 9 
100 1 |a Méhul, Etienne Nicolas,  |d 1763-1817  |7 ola2002146849  |4 cmp 
245 1 0 |a Sonate, Op. 1, No. 3  |h [hudebnina] /  |c Étienne Nicolas Méhul ; hrsg. von E. Pauer 
260 |a Leipzig :  |b Breitkopf & Härtel,  |c [1868?] 
300 |a 9 s. 
490 1 |a Alte Meister ;  |v Nr. 5 
500 |a Tisk vtlačenou plotnou, č. 11526 
500 |a Pro klavír 
510 4 |a [Winiker, C.: Haupt-Katalog der Musikalien-Leih-Anstalt,35007] 
700 1 |a Pauer, E.  |q (Ernst),  |d 1826-1905  |7 xx0026614  |4 edt 
830 0 |a Alte Meister 
910 |a BOA001  |b Mus4-0421.050 
990 |a MU 
991 |b 201206 
996 6 |b 2619062779  |c Mus4-0421.050  |l MZK  |r Sklad / do 1 hodiny  |n 0  |p W  |w 001260211  |u 000010  |a 1  |e BOA001  |j MZK50  |s P